MARC

LEADER 00000nam0a2200000 4500
001 49223
005 20231031032528.0
010 |a 5884652283 
035 |a (RuTPU)RU\TPU\book\51544 
090 |a 49223 
100 |a 20030327d1999 k y0rusy50 ca 
101 0 |a rus 
102 |a RU 
105 |a a z 101zy 
200 1 |a Проблемы адаптации техники к суровым условиям  |e Доклады международной научно-практической конференции, Тюмень, 17-18 ноября 1999 г.  |f Тюменский государственный нефтегазовый университет; Отв. ред. Н. С. Захаров 
210 |a Тюмень  |c Изд-во ТюмГНГУ  |d 1999 
215 |a 274 с.  |c ил. 
320 |a Библиогр. в конце статей 
610 1 |a транспорт 
610 1 |a автомобили 
610 1 |a строительные машины 
610 1 |a дорожные машины 
610 1 |a эксплуатация 
610 1 |a суровые условия 
610 1 |a Крайний Север 
610 1 |a конференции 
610 1 |a Тюмень 
610 1 |a адаптация 
675 |a 656(063)  |v 3 
702 1 |a Захаров  |b Н. С.  |4 340 
712 0 2 |a Тюменский государственный нефтегазовый университет  |2 stltpush  |3 (RuTPU)RU\TPU\col\99 
712 1 2 |a Проблемы адаптации техники к суровым условиям  |b Международная научно-практическая конференция  |c доклады  |e Тюмень  |f 1999 
801 1 |a RU  |b 63413507  |c 20030327  |g PSBO 
801 2 |a RU  |b 63413507  |c 20030418  |g PSBO 
942 |c BK